000
00302nam a22000977a 4500
008
230421b |||||||| |||| 00| 0 eng d
040
_a
National Science Library
_c
National Science Library
245
_a
Loss prevention
260
_a
Mumbai:
_b
Loss Prevention Association of India Ltd.,
_c
1998
942
_c
CR
999
_c
22383
_d
22383